Advanced Technologies (E BOOK) (Record no. 209364)
[ view plain ]
| 000 -LEADER | |
|---|---|
| fixed length control field | 00847 a2200193 4500 |
| 003 - CONTROL NUMBER IDENTIFIER | |
| control field | Nust |
| 005 - DATE AND TIME OF LATEST TRANSACTION | |
| control field | 20170207164553.0 |
| 035 ## - SYSTEM CONTROL NUMBER | |
| System control number | (EBZ)ebs899314e |
| 035 ## - SYSTEM CONTROL NUMBER | |
| System control number | (EBZ)ebs899314e |
| 035 ## - SYSTEM CONTROL NUMBER | |
| System control number | (EBZ)ebs899314e |
| 040 ## - CATALOGING SOURCE | |
| Transcribing agency | Nust |
| 245 10 - TITLE STATEMENT | |
| Title | Advanced Technologies (E BOOK) |
| Medium | [Elektronisk resurs] |
| 260 ## - PUBLICATION, DISTRIBUTION, ETC. | |
| Name of publisher, distributor, etc. | InTech |
| Date of publication, distribution, etc. | 2009 |
| 500 ## - GENERAL NOTE | |
| General note | E Book |
| 655 #4 - INDEX TERM--GENRE/FORM | |
| Genre/form data or focus term | Electronic books |
| 856 40 - ELECTRONIC LOCATION AND ACCESS | |
| Uniform Resource Identifier | <a href="http://proxy.lib.ltu.se/login?url=http://www.intechopen.com/books/advanced-technologies">http://proxy.lib.ltu.se/login?url=http://www.intechopen.com/books/advanced-technologies</a> |
| 856 40 - ELECTRONIC LOCATION AND ACCESS | |
| Uniform Resource Identifier | <a href="http://sfxeu11.hosted.exlibrisgroup.com/sfxmiu/?url_ver=Z39.88-2004&ctx_ver=Z39.88-2004&ctx_enc=info:ofi/enc:UTF-8&rfr_id=info:sid/sfxit.com:opac_856&url_ctx_fmt=info:ofi/fmt:kev:mtx:ctx&sfx.ignore_date_threshold=1&rft.object_id=3230000000075374&svc_val_fmt=info:ofi/fmt:kev:mtx:sch_svc&">http://sfxeu11.hosted.exlibrisgroup.com/sfxmiu/?url_ver=Z39.88-2004&ctx_ver=Z39.88-2004&ctx_enc=info:ofi/enc:UTF-8&rfr_id=info:sid/sfxit.com:opac_856&url_ctx_fmt=info:ofi/fmt:kev:mtx:ctx&sfx.ignore_date_threshold=1&rft.object_id=3230000000075374&svc_val_fmt=info:ofi/fmt:kev:mtx:sch_svc&</a> |
| 856 40 - ELECTRONIC LOCATION AND ACCESS | |
| Uniform Resource Identifier | <a href="http://www.intechopen.com/books/advanced-technologies">http://www.intechopen.com/books/advanced-technologies</a> |
| 942 ## - ADDED ENTRY ELEMENTS (KOHA) | |
| Source of classification or shelving scheme | |
| Koha item type | Book |
| Withdrawn status | Lost status | Source of classification or shelving scheme | Damaged status | Not for loan | Collection code | Permanent Location | Current Location | Date acquired | Total Checkouts | Barcode | Date last seen | Price effective from | Koha item type |
|---|---|---|---|---|---|---|---|---|---|---|---|---|---|
| Military College of Signals (MCS) | Military College of Signals (MCS) | 12/12/2016 | MCSEB-1380 | 12/08/2016 | 12/12/2016 | Book |
